| 000 | 00631nam a2200205 a 4500 | ||
|---|---|---|---|
| 005 | 20210223124502.0 | ||
| 008 | 011023s1999 r 000 0 eng d | ||
| 020 | _a8441508356 | ||
| 035 | _aUPN01000113386 | ||
| 049 | _aCG | ||
| 050 | 4 |
_aT385 _bX4.6 |
|
| 100 | 1 | _aXenakis, David | |
| 245 | 1 | 0 |
_aPhotoshop 5 a fondo / _cDavid Xenakis y Sherry London. |
| 260 |
_aMadrid : _bAnaya Multimedia, _cc1999. |
||
| 300 |
_a621 p. : + _e1 CD-ROM : son., col. ; 4 3/4 plg. |
||
| 650 | 4 |
_aGRAFICOS POR COMPUTADORA _912519 |
|
| 650 | 4 |
_aADOBE PHOTOSHOP (ARCHIVO PARA COMPUTADORA) _9620 |
|
| 700 | 1 |
_aLondon, Sherry, _ecoaut. |
|
| 905 | _aLibro | ||
| 999 |
_c87294 _d87294 |
||